000 00414nam a2200181Ia 4500
001 10175
005 20260306161812.0
008 260306t1973||||xx |||||||||||||| ||spa||
041 _aESP
082 _a907
_bT869
100 _aToynbee, Arnold
_eAUT
245 0 _aEl desafío del futuro
260 _c1973
300 _a217 páginas :
_c20 cm.
650 _aGEN
654 _aCHU
942 _cLIB
_dJUS
_fJUS
_2ddc
_n
999 _c10175
_d10175